Online Catalogue and eLibrary

Ayithiwasikam saha athulu paththa (Record no. 2466)

MARC details
000 -LEADER
fixed length control field 00402nam a2200145Ia 4500
005 - DATE AND TIME OF LATEST TRANSACTION
control field 20250620013055.0
008 - FIXED-LENGTH DATA ELEMENTS--GENERAL INFORMATION
fixed length control field 240331s9999 xx 000 0 und d
082 ## - DDC Classification
Item Number - Author Mark PUN
Class No. 323
100 ## - MAIN ENTRY--PERSONAL NAME
Personal name Punchihewa, S.G
245 #0 - TITLE STATEMENT
Title Ayithiwasikam saha athulu paththa
260 ## - PUBLICATION, DISTRIBUTION, ETC.
Place of publication, distribution, etc. Dehiwala
Name of publisher, distributor, etc. Sarana Press & Publication
300 ## - PHYSICAL DESCRIPTION
Extent (e.g. Volumes, Pages etc.) 119 p .,
500 ## - GENERAL NOTE
General note In the Movement to protect Democratic rights
942 ## - Koha item type (Biblio)
Koha item type Books in Stacks (Lending)
Holdings
Lost status Damaged status Collection code Home library Current library Shelving location Date acquired Full call number Accession Number Item type
    Lending WERC Library WERC Library Social Science Cupboard 03/31/2024 323.4 PUN 1437 Books in Stacks (Lending)

© WERC Library